[Event "ROM-chT2"]
[Site "Baile Tusnad"]
[Date "2000.??.??"]
[Round "?"]
[White "Gordan, Nicolae"]
[Black "Svetushkin, Dmitry"]
[Result "0-1"]
[WhiteElo "2301"]
[BlackElo "2486"]
[PlyCount "92"]
[EventDate "2000.??.??"]
[EventType "team"]
[EventRounds "9"]
[EventCountry "ROU"]
[SourceTitle "EXT 2001"]
[Source "ChessBase"]
[SourceDate "2000.11.22"]
[SourceVersion "1"]
[SourceVersionDate "2000.11.22"]
[SourceQuality "1"]

1. d4 g6 2. c4 Bg7 3. Nc3 d6 4. e4 e5 5. dxe5 dxe5 6. Qxd8+ Kxd8 7. Be3 Be6 8. Nf3 f6 9. Be2 Nd7 10. 0-0 Bh6 11. Nd5 c6 12. Bxh6 Nxh6 13. Ne3 a5 14. Nd2 Ke7 15. b3 Rhd8 16. Rfd1 Nc5 17. f3 Nf7 18. Ndf1 Rxd1 19. Rxd1 Na6 20. Kf2 a4 21. Nc2 Nd6 22. Nd2 Rd8 23. Ke1 axb3 24. axb3 c5 25. Ne3 Nb4 26. Ra1 Nc6 27. Bd1 f5 28. Nd5+ Bxd5 29. exd5 Nd4 30. Ra5 Rc8 31. Nb1 h5 32. Nc3 Kf6 33. Na4 b5 34. Ra6 bxa4 35. Rxd6+ Kg5 36. bxa4 Rb8 37. a5 Rb2 38. a6 Kf4 39. a7 Ra2 40. Rd7 Ke3 41. Re7 e4 42. fxe4 fxe4 43. d6 Ra1 44. g3 Nf3+ 45. Kf1 Rxd1+ 46. Kg2 Rd2+ 0-1

[Event "ROM-chT2"]
[Site "Baile Tusnad"]
[Date "2000.??.??"]
[Round "?"]
[White "Gordan, Nicolae"]
[Black "Timoshenko, Georgy"]
[Result "0-1"]
[WhiteElo "2301"]
[BlackElo "2584"]
[PlyCount "124"]
[EventDate "2000.??.??"]
[EventType "team"]
[EventRounds "9"]
[EventCountry "ROU"]
[SourceTitle "EXT 2001"]
[Source "ChessBase"]
[SourceDate "2000.11.22"]
[SourceVersion "1"]
[SourceVersionDate "2000.11.22"]
[SourceQuality "1"]

1. d4 Nf6 2. Bg5 c5 3. d5 Ne4 4. Be3 Qb6 5. Bc1 e6 6. f3 Nf6 7. Nc3 exd5 8. Nxd5 Nxd5 9. Qxd5 d6 10. Qb3 Nc6 11. e3 Be7 12. Bd2 0-0 13. Qxb6 axb6 14. a3 d5 15. Ne2 d4 16. exd4 cxd4 17. Nf4 g5 18. Nd3 b5 19. Rc1 Bf5 20. Be2 Rfc8 21. Kf2 Na5 22. Bxa5 Rxa5 23. Rhd1 Kg7 24. Rd2 h6 25. g3 Ra4 26. Rdd1 Rac4 27. Rd2 R4c7 28. Bf1 b6 29. Be2 Bf8 30. Bf1 Ra7 31. Be2 Bd6 32. Bf1 Ra4 33. Rdd1 Bf8 34. Be2 Be6 35. Bf1 Ra7 36. Be2 Be7 37. Bf1 Rac7 38. Rd2 Ra8 39. Be2 Bf8 40. Rdd1 Rac8 41. Rd2 Be7 42. Bf1 Bf5 43. Be2 Ra7 44. Bf1 Ra4 45. Rdd1 Bf8 46. Be2 Bd6 47. Bf1 Ra7 48. Be2 Rac7 49. Rd2 Be7 50. Bf1 h5 51. Be2 h4 52. Bf1 Bd6 53. Be2 hxg3+ 54. hxg3 Rh8 55. Rg1 Rh2+ 56. Rg2 Rh1 57. Rd1 Rxc2 58. Rxh1 Bxd3 59. Re1 Bxe2 60. Rxe2 d3 61. Rxc2 dxc2 62. Rg1 Bc5+ 0-1

[Event "ROM-chT"]
[Site "Romania"]
[Date "1994.??.??"]
[Round "?"]
[White "Gordan, Nicolae"]
[Black "Ghinda, Mihail Viorel"]
[Result "1-0"]
[WhiteElo "2295"]
[BlackElo "2455"]
[PlyCount "65"]
[EventDate "1994.??.??"]
[EventType "team"]
[EventRounds "10"]
[EventCountry "ROU"]
[SourceTitle "EXT 1997"]
[Source "ChessBase"]
[SourceDate "1996.11.15"]
[SourceVersion "1"]
[SourceVersionDate "1996.11.15"]
[SourceQuality "1"]

1. d4 g6 2. e4 Bg7 3. c4 d6 4. Nc3 Nf6 5. f3 a6 6. Be3 c6 7. Qd2 b5 8. d5 b4 9. Nd1 a5 10. Ne2 0-0 11. Nf4 e5 12. Nd3 Nfd7 13. g4 f5 14. gxf5 gxf5 15. Rg1 cxd5 16. cxd5 Rf7 17. Bg5 Qb6 18. N1f2 Nf8 19. Bh6 f4 20. Bh3 Na6 21. Rc1 Qd8 22. Bg5 Qe8 23. Rc6 Bxh3 24. Nxh3 Qd7 25. Qg2 Ng6 26. Qg4 Qxg4 27. Rxg4 Rd7 28. Bh4 Nc7 29. Bf2 Bf6 30. Nxe5 dxe5 31. Rxf6 Ra6 32. Rxa6 Nxa6 33. Kd2 1-0

[Event "Bucharest-B"]
[Site "Bucharest"]
[Date "1994.??.??"]
[Round "?"]
[White "Podgurkii, Stepan"]
[Black "Gordan, Nicolae"]
[Result "0-1"]
[WhiteElo "2250"]
[BlackElo "2295"]
[PlyCount "64"]
[EventDate "1994.??.??"]
[EventType "tourn"]
[EventRounds "15"]
[EventCountry "ROU"]
[EventCategory "4"]
[SourceTitle "EXT 1997"]
[Source "ChessBase"]
[SourceDate "1996.11.15"]
[SourceVersion "1"]
[SourceVersionDate "1996.11.15"]
[SourceQuality "1"]

1. e4 Nc6 2. Nf3 d5 3. exd5 Qxd5 4. Nc3 Qa5 5. Bb5 Bd7 6. 0-0 a6 7. Be2 Nf6 8. a3 e6 9. Rb1 Bd6 10. d4 Ne7 11. b4 Qb6 12. Bg5 Ng6 13. d5 Bf4 14. Bc4 Bb5 15. Bxb5+ axb5 16. dxe6 fxe6 17. Qe2 Rxa3 18. Bxf6 gxf6 19. Nd5 Qc6 20. Nxf6+ Kf7 21. Ng4 Rg8 22. Nd4 Qc4 23. Qxc4 bxc4 24. Nb3 Ra2 25. c3 Nh4 26. Ne3 Nf3+ 27. Kh1 Nxh2 28. Rfe1 Rxf2 29. Nd4 e5 30. Ndf5 Rg5 31. g3 Rxf5 32. gxf4 Nf3 0-1

[Event "Calimanesti Final"]
[Site "Calimanesti"]
[Date "1985.08.12"]
[Round "11.4"]
[White "Joita, Paul"]
[Black "Gordan, Nicolae"]
[Result "1/2-1/2"]
[WhiteElo "2320"]
[BlackElo "2240"]
[PlyCount "94"]
[EventDate "1985.08.07"]
[EventType "tourn"]
[EventRounds "6"]
[EventCountry "ROU"]
[SourceTitle "EXT 2015"]
[Source "ChessBase"]
[SourceDate "2014.11.20"]
[SourceVersion "1"]
[SourceVersionDate "2014.11.20"]
[SourceQuality "1"]

1. e4 Nc6 2. Nf3 d6 3. d4 Bg4 4. Be2 Nf6 5. Nc3 e5 6. Be3 Bxf3 7. Bxf3 exd4 8. Bxd4 Nxd4 9. Qxd4 c6 10. 0-0-0 Qb6 11. e5 Qxd4 12. Rxd4 dxe5 13. Re1 Nd7 14. Bg4 Rd8 15. Bxd7+ Rxd7 16. Rxe5+ Kd8 17. Rxd7+ Kxd7 18. Re3 g6 19. Kd1 f5 20. Rd3+ Bd6 21. h3 Re8 22. Ne2 Kc7 23. c4 Bc5 24. f3 Bf2 25. Kd2 Re7 26. b3 Kb6 27. Nc3 Be1+ 28. Kc2 Kc7 29. Rd1 a6 30. Rd3 b5 31. cxb5 axb5 32. a3 Kb6 33. b4 Kc7 34. Rd1 Bh4 35. Rd2 Bg5 36. Re2 Rd7 37. a4 bxa4 38. Nxa4 Rd4 39. Nc5 Kd6 40. Ne6 Rd2+ 41. Rxd2+ Bxd2 42. Kxd2 Kxe6 43. Kc3 Kd5 44. h4 Ke5 45. Kc4 Ke6 46. Kc5 Kd7 47. f4 Kc7 1/2-1/2

[Event "Calimanesti Preliminaries B"]
[Site "Calimanesti"]
[Date "1985.08.02"]
[Round "2"]
[White "Van Mil, Johan"]
[Black "Gordan, Nicolae"]
[Result "1/2-1/2"]
[WhiteElo "2345"]
[BlackElo "2240"]
[PlyCount "98"]
[EventDate "1985.08.01"]
[EventType "tourn"]
[EventRounds "5"]
[EventCountry "ROU"]
[SourceTitle "EXT 2015"]
[Source "ChessBase"]
[SourceDate "2014.11.20"]
[SourceVersion "1"]
[SourceVersionDate "2014.11.20"]
[SourceQuality "1"]

1. e4 Nc6 2. Nf3 d5 3. exd5 Qxd5 4. Nc3 Qa5 5. Bb5 Bd7 6. d4 a6 7. Bxc6 Bxc6 8. 0-0 0-0-0 9. Ne5 Be8 10. Be3 f6 11. Nd3 Qh5 12. f3 e6 13. Qe2 Qf7 14. Rfe1 Ne7 15. Bf2 Nc6 16. Qe4 Qd7 17. d5 exd5 18. Qxd5 Qxd5 19. Nxd5 Bf7 20. N5f4 Nb4 21. Nxb4 Bxb4 22. c3 Bd6 23. Ne6 Bxe6 24. Rxe6 Be5 25. Re7 Rhg8 26. Bg3 Bxg3 27. hxg3 Rd2 28. b3 Kd8 29. Rae1 Rd1 30. Rxd1+ Kxe7 31. Kf2 Rc8 32. Ke3 Re8 33. Kf4 Rc8 34. g4 Ke6 35. c4 Rf8 36. Rd2 Rb8 37. g3 b5 38. Rd4 bxc4 39. Rxc4 Kd6 40. Re4 Rb6 41. Rd4+ Ke7 42. Ke4 Rb5 43. Rd5 Rb4+ 44. Kd3 Rb6 45. Kc4 Re6 46. Rd4 Rc6+ 47. Kd5 Rc2 48. Ra4 Rc3 49. Ke4 Rc6 1/2-1/2